| 000 | 00930nam a22002657a 4500 | ||
|---|---|---|---|
| 001 | 8011 | ||
| 003 | FISKH | ||
| 005 | 20250818161753.0 | ||
| 008 | 250818b cb ||||| |||| 00| 0 eng d | ||
| 020 | _a9780439531658 | ||
| 040 |
_aFISKH _beng _cFISKH _dFISKH |
||
| 050 | _aPT2666.U49 I55413 | ||
| 082 | _a833.914 | ||
| 100 | _aFunke, Cornelia | ||
| 245 |
_aInkheart / _cBy Cornelia Funke |
||
| 250 | _aFirst Scholastic paperbak printing, September 2004 | ||
| 260 |
_aNew York : _bScholastic , _c2003. |
||
| 300 |
_a534 pages : _billustrations ; _c20 cm . |
||
| 490 |
_aInkworld _v1 |
||
| 520 | _aTwelve-year-old Meggie learns that her father, who repairs and binds books for a living, can "read" fictional characters to life when one of those characters abducts them and tries to force him into service. | ||
| 650 |
_aYoung adult _vFiction |
||
| 700 |
_aBell, Anthea _eTranslator |
||
| 942 |
_2ddc _cBK _n0 |
||
| 999 |
_c8011 _d8011 |
||